| 000 | 00564nam a2200193 i 4500 | ||
|---|---|---|---|
| 001 | 45998 | ||
| 003 | ES-MaACL | ||
| 005 | 20230906161319.0 | ||
| 007 | t| | ||
| 008 | 030327s1906 it ||||1| ita d | ||
| 100 | 1 |
_aConelli, Antenore. _940164 |
|
| 245 | 1 | 0 |
_aProntuario di Posologia _b: dei rimedi piu usati nella terapia infantile / _cAntenore Conelli. |
| 260 |
_aMilano : _bU. Allegretti, _c1906. |
||
| 300 |
_aVIII, 186 p. ; _c16 cm. |
||
| 490 | 1 | _aManuale Hocph | |
| 830 | 0 |
_aManuale Hocph _9182814 |
|
| 852 |
_aES-MaACL _jF-4356 |
||
| 999 |
_c45998 _d45998 |
||